Statistiques concernant Discographie d'Hamza

Cliquez ici pour prendre le quiz!

Statistiques générales

  • Ce quiz a été pris 273 fois
  • Le résultat moyen est 36 sur 85

Statistiques - réponses

HintRéponse% Correct
19941994
89%
1994Life
87%
ParadiseParadise
80%
SincèrementIntroduction
76%
SincèrementSincèrement
76%
SincèrementFree YSL
74%
Santa Sauce 2God bless
72%
SincèrementCodéine 19
68%
SincèrementNocif
68%
ParadiseMinuit 13
66%
140 BPMNetflix
63%
SincèrementSadio
63%
1994Vibes
63%
SincèrementMurder
61%
ParadiseHS
60%
1994Juste une minute
59%
1994Godzilla
58%
Santa Sauce 2Gasolina
57%
SincèrementAu bout de la nuit
56%
SincèrementTsunami
55%
SincèrementCocoro
54%
SincèrementMa réalité
54%
SincèrementWWE
54%
1994Mucho Love
53%
ParadiseDale x love therapy
52%
ParadiseHenny me noie
52%
SincèrementI love u
52%
SincèrementNasa
52%
SincèrementOnly U
51%
SincèrementAtasanté part 2
50%
ParadiseValidé
50%
140 BPM 2Spaghetti
48%
1994Jodeci Mob
46%
Paradise50x
42%
Santa Sauce 2Bac +12
41%
140 BPMNobu
41%
1994Monopoly
40%
ParadiseLe même sort
39%
ParadiseMac & Cheese
38%
ParadiseGynéco
36%
Santa Sauce 2Late nights
36%
ParadiseMeilleur
36%
SincèrementPlus jamais la même
36%
140 BPM 2PTSD
36%
140 BPM 2Réel
36%
ParadiseSometimes
36%
ParadiseAudemars shit
35%
Paradise DeluxeClic Clac
35%
1994Mi gyal
35%
ParadiseBlue Crystal
34%
1994Destiny's child
34%
Paradise DeluxeCéline
33%
1994Pasadena
33%
ParadiseAddiction
32%
140 BPM 2Hara-Kiri
32%
140 BPM 2Jalousie
32%
Santa Sauce 2Oseille
32%
Paradise DeluxeSnakes
32%
Paradise DeluxeMadonna
31%
1994Pas de remords
31%
ParadiseGalerie
30%
140 BPM 2Keke
30%
1994SIlicone
29%
Santa Sauce 2Jon snow
28%
Santa Sauce 2Por la vida
28%
140 BPMHenny pop
27%
ParadiseDeep inside
26%
140 BPM 2Fake friends
26%
140 BPM 2Torino
26%
1994Cash time
25%
140 BPM 2Spider
25%
140 BPM 2Gang activity
24%
Paradise DeluxeAquafina
23%
Santa Sauce 2Belek
23%
140 BPM 2Cheikh
23%
Paradise DeluxeGoat
23%
Paradise DeluxeYin yang
23%
Santa Sauce 2Embourgeoisé
22%
140 BPM 2AMG Technology
21%
Santa Sauce 2Benzo
21%
140 BPM 2Don't tell
19%
Santa Sauce 2Go back
19%
Paradise DeluxeStick
19%
Santa Sauce 2Sans signes
18%
Santa Sauce 2G's up hoes down
17%

Distribution des résultats

Percentile par nombre de réponses

% des personnes avec chaque résultat

Votre développement - résultats

Vous n’avez pas pris ce quiz